Score 0/10 Timer 03:00
0 Plays Today
Film 1 Cast Member % Correct
21 Jump Street (2012)Dave Franco
73.4%
The Social Network (2010)Jesse Eisenberg
72.2%
Eternal Sunshine of the Spotless Mind (2004)Mark Ruffalo
69.2%
No Country for Old Men (2007)Woody Harrelson
66.5%
Wedding Crashers (2005)Isla Fisher
62%
Million Dollar Baby (2004)Morgan Freeman
56.3%
A Bridge Too Far (1977)Michael Caine
40.1%
Inglorious Basterds (2009)Mélanie Laurent
20.7%
Wanted (2008)Common
12.3%
Changeling (2008)Michael Kelly
7.5%
Remove Ads.
Support Sporcle.
Get the best of Sporcle when you Go Orange. This ad-free experience offers more features, more stats, and more fun while also helping to support Sporcle. Thank you for becoming a member.

You're not logged in!

Compare scores with friends on all Sporcle quizzes.
OR
Log In

Show Comments

Extras

Top Quizzes Today


Score Distribution

Your Account Isn't Verified!

In order to create a playlist on Sporcle, you need to verify the email address you used during registration. Go to your Sporcle Settings to finish the process.

Report this User

Report this user for behavior that violates our Community Guidelines.

Details: